000 00561nam a2200193Ia 4500
008 151121s9999||||xx |||||||||||||| ||und||
082 _a813-/काळे
082 _bHNW-49909
100 _aकाळे व। पु।
245 _aमाया बाजार
260 _bमेनका प्रकाशन
260 _c--
300 _a116
600 _aकाळे व। पु।
630 _aमाया बाजार
700 _aकाळे व। पु।
730 _aमाया बाजार
942 _cBOOK
999 _c1234813
_d1234810